000 00520nam a22002057a 4500
003 koha_MIRAKIL
005 20231213100238.0
008 231213b |||||||| |||| 00| 0 ||| d
020 _b978-9-94469987-7
040 _aTR-IsEVY
_btur
_cTR-IsEVY
082 _aFIC GAI/B
100 _aGaiman, Neil.
245 0 _aBabam süt peşinde
250 _a3. bs.
260 _bTudem,
_c2016
300 _a125 s.
650 _aChildren's literature -- Fiction.
650 _aÇocuk edebiyatı -- Roman.
942 _2ddc
_cBK
999 _c16886
_d16886